Star Wars Characters - A New Hope - Statistics

General Stats
  • This quiz has been taken 1,515 times
  • The average score is 15 of 29
Answer Stats
Hint Answer % Correct
The Protocol Droid C-3PO
99%
The Astromech Droid R2-D2
99%
The Princess in Distress Princess Leia Organa
94%
The Knight of the Sith Darth Vader
93%
The Smuggler Han Solo
89%
The Armored Soldiers Imperial Stormtroopers
87%
The Hapless Farmboy Luke Skywalker
87%
The Co-Pilot Chewbacca
83%
The Old Wizard Obi-Wan Kenobi
83%
The Armored Bounty Hunter Boba Fett
72%
The Scavengers Jawas
71%
The Slow-Firing Bounty Hunter Greedo
69%
The Crime Lord Jabba the Hutt
68%
The Military Governor Grand Moff Wilhuff Tarkin
58%
The Stern Uncle Owen Lars
54%
The Sand People Tusken Raiders
50%
The Loving Aunt Beru Lars
48%
The Helpless Wingman Wedge Antilles
35%
The Hometown Friend Biggs Darklighter
25%
The Loyal Ship's Captain Captain Raymus Antilles
19%
The X-Wing Flight Leader Commander Garven Dreis
16%
The Y-Wing Flight Leader Commander Jon Vander
14%
The Droid with the Bad Motivator R5-D4
14%
The Soldier Missing from his Post TK-421
13%
The Rebel General General Jan Dodonna
10%
The Angry Criminal... Doctor Cornelius Evazan
7%
The Arrogant Admiral Admiral Conan Motti
6%
The Imperial Spy Garindan
5%
...and His Friend Pondo Baba
5%
No matching quizzes found
Score Distribution
Percent of People with Each Score
Percentile by Number Answered
Your Score History
You have not taken this quiz